Phương pháp điều tra đánh giá tài nguyên rừng nhiệt đới
Sách trình bày tư duy lôgic, phương pháp luận và nội dung tổng thể gồm cả công cụ điều tra, đánh giá tài nguyên rừng nhiệt đới.
Na minha lista:
| Autor principal: | |
|---|---|
| Formato: | Livro |
| Idioma: | Undetermined |
| Publicado em: |
Hà Nội
Khoa học và Kỹ thuật
2006
|
| Assuntos: | |
| Tags: |
Adicionar Tag
Sem tags, seja o primeiro a adicionar uma tag!
|
| Thư viện lưu trữ: | Trung tâm Học liệu Trường Đại học Cần Thơ |
|---|
| LEADER | 00899nam a2200217Ia 4500 | ||
|---|---|---|---|
| 001 | CTU_141648 | ||
| 008 | 210402s9999 xx 000 0 und d | ||
| 020 | |c 29000 | ||
| 082 | |a 577.3 | ||
| 082 | |b Đ455 | ||
| 100 | |a Hoàng, Sỹ Động | ||
| 245 | 0 | |a Phương pháp điều tra đánh giá tài nguyên rừng nhiệt đới | |
| 245 | 0 | |c Hoàng Sỹ Động | |
| 260 | |a Hà Nội | ||
| 260 | |b Khoa học và Kỹ thuật | ||
| 260 | |c 2006 | ||
| 520 | |a Sách trình bày tư duy lôgic, phương pháp luận và nội dung tổng thể gồm cả công cụ điều tra, đánh giá tài nguyên rừng nhiệt đới. | ||
| 650 | |a Forest ecology,Phytogeography | ||
| 650 | |x Sinh thái rừng trồng,Địa lý thực vật | ||
| 904 | |i Trọng Hải | ||
| 980 | |a Trung tâm Học liệu Trường Đại học Cần Thơ | ||